Pays commençant et finissant par une voyelle - Statistiques

Statistiques générales
  • Ce quiz a été pris 1 236 fois
  • Le résultat moyen est 21 sur 26
Statistiques - réponses
Continent Pays % Correct
Europe Espagne
94%
Océanie Australie
93%
Europe Albanie
92%
Europe Estonie
92%
Europe Allemagne
91%
Europe Irlande
91%
Europe Andorre
90%
Europe Italie
90%
Europe Islande
89%
Afrique Algérie
88%
Amérique du Sud Argentine
88%
Amérique du Sud Uruguay
88%
Afrique Angola
84%
Europe Autriche
83%
Afrique Erythree
83%
Asie Inde
83%
Afrique Egypte
82%
Afrique Ethiopie
82%
Asie Arménie
81%
Afrique Ouganda
78%
Asie Indonésie
77%
Europe Ukraine
76%
Afrique Eswatini
72%
Asie Arabie Saoudite
69%
Amérique du Nord Antigua-et-Barbuda
67%
Afrique Ile Maurice
17%
Aucun quiz correspondant
Distribution des résultats
% des personnes avec chaque résultat
Percentile par nombre de réponses
Votre historique - résultats
Vous n’avez pas pris ce quiz